| 000 -LEADER |
| fixed length control field |
00575nam a22001937a 4500 |
| 003 - CONTROL NUMBER IDENTIFIER |
| control field |
BD-DhUAP |
| 005 - DATE AND TIME OF LATEST TRANSACTION |
| control field |
20210128163529.0 |
| 008 - FIXED-LENGTH DATA ELEMENTS--GENERAL INFORMATION |
| fixed length control field |
200224s1997 enka|||| |||| 00| 0 eng d |
| 020 ## - INTERNATIONAL STANDARD BOOK NUMBER |
| International Standard Book Number |
8881182114 |
| 040 ## - CATALOGING SOURCE |
| Original cataloging agency |
BD-DhUAP |
| Language of cataloging |
Eng |
| Transcribing agency |
BD-DhUAP |
| Modifying agency |
BD-DhUAP |
| 082 ## - DEWEY DECIMAL CLASSIFICATION NUMBER |
| Edition number |
23 |
| Classification number |
720.92 UNG |
| 100 ## - MAIN ENTRY--PERSONAL NAME |
| Personal name |
Ungers, O.M. |
| 245 ## - TITLE STATEMENT |
| Title |
Oswald mathias ungers : |
| Remainder of title |
the dialectic city / |
| Statement of responsibility, etc. |
O. M. Ungers and S. Vieths. |
| 260 ## - PUBLICATION, DISTRIBUTION, ETC. |
| Place of publication, distribution, etc. |
London : |
| Name of publisher, distributor, etc. |
Skira editor, |
| Date of publication, distribution, etc. |
c1997. |
| 300 ## - PHYSICAL DESCRIPTION |
| Extent |
119 pages : |
| Other physical details |
illustrations ; |
| Dimensions |
21 cm. |
| 650 ## - SUBJECT ADDED ENTRY--TOPICAL TERM |
| Topical term or geographic name entry element |
Architecture |
| Geographic subdivision |
Germany. |
| 700 ## - ADDED ENTRY--PERSONAL NAME |
| Personal name |
Vieth, S. |
| 942 ## - ADDED ENTRY ELEMENTS (KOHA) |
| Source of classification or shelving scheme |
|
| Koha item type |
Book |